From grantmaker to leader : Emerging strategies for twenty-first century foundations
The individual and family-based philanthropic organizations of the early twentieth century might hardly recognize their present-day corporate and institutional successors. The fundamental nature of foundations has changed on a revolutionary scale, forever altering the role that foundations play in s...
Đã lưu trong:
| Formáid: | Leabhar |
|---|---|
| Teanga: | Undetermined |
| Foilsithe: |
New York
John Wiley
2003
|
| Ábhair: | |
| Clibeanna: |
Cuir Clib Leis
Gan Chlibeanna, Bí ar an gcéad duine leis an taifead seo a chlibeáil!
|
| Thư viện lưu trữ: | Trung tâm Học liệu Trường Đại học Cần Thơ |
|---|
| LEADER | 01141nam a2200205Ia 4500 | ||
|---|---|---|---|
| 001 | CTU_108580 | ||
| 008 | 210402s9999 xx 000 0 und d | ||
| 082 | |a 361.7632 | ||
| 082 | |b F931 | ||
| 245 | 0 | |a From grantmaker to leader : | |
| 245 | 0 | |b Emerging strategies for twenty-first century foundations | |
| 245 | 0 | |c Edited by Frank L. Ellsworth and Joe Lumarda | |
| 260 | |a New York | ||
| 260 | |b John Wiley | ||
| 260 | |c 2003 | ||
| 520 | |a The individual and family-based philanthropic organizations of the early twentieth century might hardly recognize their present-day corporate and institutional successors. The fundamental nature of foundations has changed on a revolutionary scale, forever altering the role that foundations play in society. From Grantmaker to Leader: Emerging Strategies for 21st Century Foundations appraises these shifting dynamics, putting forth powerful strategies for leading philanthropies into the future. | ||
| 650 | |a Endowments,Endowments,Charitable uses, trusts, and foundations | ||
| 650 | |z United states,United states | ||
| 904 | |i M.Loan | ||
| 980 | |a Trung tâm Học liệu Trường Đại học Cần Thơ | ||